Statistiques concernant Points au golf

Cliquez ici pour prendre le quiz!

Statistiques générales

  • Ce quiz a été pris 359 fois
  • Le résultat moyen est 6 sur 8

Statistiques - réponses

PointTerme% Correct
0Par
98%
-1Birdie
93%
1Bogey
93%
2Double-bogey
91%
-2Eagle
90%
-3Albatros
82%
-4Condor
28%
-5Ostrich
2%

Distribution des résultats

Percentile par nombre de réponses

% des personnes avec chaque résultat

Votre développement - résultats

Vous n’avez pas pris ce quiz